Sociolinguistics : selected readings

Αποθηκεύτηκε σε:
Λεπτομέρειες βιβλιογραφικής εγγραφής
Άλλοι συγγραφείς: Pride, J. B. (Επιμελητής έκδοσης), Holmes, Janet, 1947- (edtf)
Μορφή: Βιβλίο
Γλώσσα:English
Δημοσίευση: Harmondsworth : Penguin Books, 1986
Θέματα:
Ετικέτες: Προσθήκη ετικέτας
Δεν υπάρχουν, Καταχωρήστε ετικέτα πρώτοι!

MARC

LEADER 00000nam a2200000 i 4500
001 1/77152
008 960227s1986 eng d
020 |a 0-14-022658-3 
035 |l 10004190 
040 |a GR-MY-UA  |b gre  |e aacr 
041 0 |a eng 
082 0 |a 401.9 
245 1 0 |a Sociolinguistics :  |b selected readings /  |c Edited by J. B. Pride and Janet Holmes 
260 |a Harmondsworth :   |b Penguin Books,   |c 1986 
300 |a 381 p. 
504 |a Includes index 
650 0 0 |a Sociolinguistics. 
700 1 |a Pride, J. B.  |e edt 
700 1 |a Holmes, Janet,  |d 1947-  |e edtf 
852 |a INST  |b LESVOS  |e 19960227  |h 401.9 SOC  |p 005100007172  |q 005100007172  |t BK  |y 0 
909 |a Λ  |b 005207